Score 0/26 Timer 10:00
21 Plays Today
% Correct
Ronald Reagan - Donald Trump
98.2%
John F. Kennedy - Bill Clinton
96%
Bill Clinton - Donald Trump
95%
George H.W. Bush - George W. Bush
92.1%
Richard Nixon - George H.W. Bush
91.7%
Franklin D. Roosevelt - Dwight D. Eisenhower
90.8%
Dwight D. Eisenhower - Richard Nixon
88.7%
Ronald Reagan - Bill Clinton
88.7%
Jimmy Carter - Bill Clinton
88.5%
Ronald Reagan - George W. Bush
88.4%
Richard Nixon - Ronald Reagan
87.6%
Gerald Ford - Ronald Reagan
86.2%
Lyndon B. Johnson - Ronald Reagan
85.2%
% Correct
Gerald Ford - George H.W. Bush
82.1%
Harry Truman - John F. Kennedy
81.3%
Harry Truman - Richard Nixon
81%
Dwight D. Eisenhower - George H.W. Bush
80.7%
Dwight D. Eisenhower - Lyndon B. Johnson
80.4%
Abraham Lincoln - Ulysses S. Grant
76.3%
Lyndon B. Johnson - Gerald Ford
74.9%
George Washington - Thomas Jefferson
68.2%
Franklin D. Roosevelt - Lyndon B. Johnson
65%
Woodrow Wilson - Herbert Hoover
46.9%
Warren G. Harding - Herbert Hoover
45.6%
Woodrow Wilson - Franklin D. Roosevelt
44%
James K. Polk - James Buchanan
13.5%

You're not logged in!

Compare scores with friends on all Sporcle quizzes.
OR
Log In

Sporcle TV

Today on Sporcle TV


Watch our educational content, quiz creation guides, and fun videos on Sporcle TV.

Show Comments

Extras

Top Quizzes Today


Score Distribution

Paid Content

Your Account Isn't Verified!

In order to create a playlist on Sporcle, you need to verify the email address you used during registration. Go to your Sporcle Settings to finish the process.

Report this User

Report this user for behavior that violates our Community Guidelines.

Details: